| 000 | 00460nam a2200157Ia 4500 | ||
|---|---|---|---|
| 999 |
_c27168 _d27168 |
||
| 003 | OSt | ||
| 005 | 20201203124857.0 | ||
| 008 | 201203b ||||| |||| 00| 0 eng d | ||
| 040 | _coclc | ||
| 082 |
_a894.8123 _bSAN/J |
||
| 100 |
_97166 _aSankaranarayanan, T K |
||
| 245 |
_aJaneefer / _cT K Sankaranarayanan |
||
| 260 |
_aKozhikode: _bPoorna Publications, _c1995. |
||
| 300 | _a98p | ||
| 942 |
_2ddc _cBK _h894.8123 _iSAN/J _k894.8123 _mSAN/J |
||